MARC

LEADER 00000nam0a2200000 4500
001 276654
005 20231101234936.0
020 |a RU  |b 85-107223 
035 |a (RuTPU)RU\TPU\book\299927 
090 |a 276654 
100 |a 20141125d1985 km y0rusy5003 ca 
101 0 |a rus 
102 |a RU 
105 |a y z 000zy 
200 1 |a Реакционная сущность сионизма  |f В. И. Рабинович 
210 |a Москва  |c Знание  |d 1985 
215 |a 48 с. 
225 1 |a В помощь лектору 
606 1 |a Сионизм  |x Национальная политика  |2 stltpush  |3 (RuTPU)RU\TPU\subj\54917  |9 72990 
610 1 |a Сионизм 
610 1 |a еврейский вопрос 
610 1 |a национальные движения 
610 1 |a национализм 
610 1 |a шовинизм 
610 1 |a реакционная сущность 
686 |a Ф5(0)59  |v LBC/SL-A  |2 rubbk 
700 1 |a Рабинович  |b В. И.  |g Валерий Исакович  |4 070 
801 0 |a RU  |b RuMRKP  |c 19950704  |g psbo 
801 1 |a RU  |b 63413507  |c 20141125 
801 2 |a RU  |b 63413507  |c 20171215  |g RCR 
942 |c BK